000 00351nam a2200145Ia 4500
008 230917s9999||||xx |||||||||||||| ||und||
040 _e61149
_aMAIN
041 _aEnglish
082 _a843.6 H874H
100 _aHugo, Victor
245 0 _aHunch book of Notre Dame
260 _aNew York
_bModern Library
_c[n.d.]
300 _a416 p.
942 _cBK
999 _c118311
_d118311